000 00255nam a22001217a 4500
008 181122b xxu||||| |||| 00| 0 eng d
041 _aeng
080 _a710
100 _a44
101 _aART
245 _aDome The Rock
_cJeryy.LM
942 _2udc
_cBK
999 _c52329
_d52329